Sharjah Art Foundation Library
Normal view MARC view

Entry Genre/Form Term

Number of records used in: 1

001 - CONTROL NUMBER

  • control field: 9348

003 - CONTROL NUMBER IDENTIFIER

  • control field: OSt

005 - DATE AND TIME OF LATEST TRANSACTION

  • control field: 20260427122533.0

008 - FIXED-LENGTH DATA ELEMENTS

  • fixed length control field: 260427|| aca||aabn | a|a d

040 ## - CATALOGING SOURCE

  • Original cataloging agency: OSt
  • Transcribing agency: OSt

155 ## - HEADING--GENRE/FORM TERM

  • Genre/form term: Illustrated volume

670 ## - SOURCE DATA FOUND

  • Source citation: Work cat.: (OSt)6521: He mau nane Hawai'i : Hawaiian Riddles/ , 2004

Copyright © 2022. Sharjah Art Foundation. All Rights Reserved.